000 00556nam a2200205Ia 4500
005 20250508165642.0
008 008 250505s9999 xx 000 0 eng d
037 _aBooks to be hide in OPAC
040 _aFEDL
_beng
_cFEDL
041 _aeng
_2eng
084 _a510, MUR/O
_qFEDL
100 _aMurdock HY
_9781504
245 0 _alearning at home: Add and take away
260 _aLondon, UK
_bLadybird Books
_c1993
300 _a11p.
365 _aGBP
_b1.25
546 _aC.S.E.C
942 _cHB
_h510, MUR/O
999 _c1396489
_d1396489